Top 10 Eintracht Frankfurt Starting XI - Statistics

General Stats
  • This quiz has been taken 408 times
    148 since last reset
  • The average score is 21 of 65
Answer Stats
Team Player % Correct
2012-13, 2018-19, 2020-21, 2022-23, 2024-25 Kevin Trapp
89%
2018-19 Luka Jović
78%
2024-25 Hugo Ekitike
75%
2018-19 Sébastien Haller
74%
2020-21 André Silva
71%
2020-21, 2022-23 Daichi Kamada
71%
2018-19, 2020-21 Filip Kostić
68%
2022-23 Randal Kolo Muani
68%
2022-23 Mario Götze
66%
2018-19, 2020-21, 2022-23 Makoto Hasebe
65%
2022-23, 2024-25 Tuta
64%
2020-21, 2022-23 Djibril Sow
62%
2018-19, 2020-21, 2022-23 Evan Ndicka
61%
2018-19 Ante Rebić
60%
2024-25 Hugo Larsson
60%
2022-23, 2024-25 Ansgar Knauff
59%
2024-25 Ellyes Skhiri
58%
2024-25 Arthur Theate
54%
2024-25 Robin Koch
53%
2020-21, 2022-23 Martin Hinteregger
51%
1992-93 Jay-Jay Okocha
46%
2012-13, 2020-21 Sebastian Rode
46%
2022-23 Jesper Lindstrøm
45%
2024-25 Rasmus Kristensen
44%
2018-19 David Abraham
38%
2022-23 Aurélio Buta
36%
1990-91, 1991-92, 1992-93, 1993-94 Tony Yeboah
33%
2024-25 Nathaniel Brown
32%
2012-13 Alexander Meier
31%
2012-13 Carlos Zambrano
31%
2018-19 Danny da Costa
24%
2018-19 Jonathan de Guzmán
24%
2018-19 Gelson Fernandes
23%
1990-91, 1991-92 Andreas Möller
22%
1989-90, 1990-91, 1991-92, 1992-93, 1993-94 Uwe Bein
22%
2020-21 Amin Younes
19%
2012-13 Takashi Inui
17%
1989-90, 1990-91 Karl-Heinz Körbel
16%
1989-90, 1990-91, 1991-92, 1992-93, 1993-94 Uli Stein
16%
2012-13 Bastian Oczipka
15%
2012-13 Pirmin Schwegler
15%
2020-21 Erik Durm
14%
2012-13 Sebastian Jung
13%
2012-13 Karim Matmour
12%
2012-13 Stefan Aigner
12%
2012-13 Anderson Bamba
11%
1989-90, 1990-91, 1991-92, 1993-94 Ralf Falkenmayer
11%
1989-90, 1991-92 Jørn Andersen
10%
1991-92, 1992-93, 1993-94 Ralf Weber
10%
1991-92, 1992-93 Uwe Bindewald
10%
1992-93 Axel Kruse
8%
1989-90, 1990-91, 1991-92, 1992-93, 1993-94 Manfred Binz
8%
1993-94 Maurizio Gaudino
8%
1989-90, 1990-91 Dieter Eckstein
7%
1989-90, 1991-92, 1992-93 Dietmar Roth
7%
1991-92 Lothar Sippel
7%
1992-93 Edgar Schmitt
6%
1989-90, 1990-91 Heinz Gründel
6%
1993-94 Jan Furtok
6%
1993-94 Mirko Dickhaut
6%
1989-90 Ralf Sievers
6%
1993-94 Slobodan Komljenović
6%
1989-90, 1990-91 Stefan Studer
6%
1993-94 Kakhaber Tskhadadze
5%
1992-93 Rudolf Bommer
5%
No matching quizzes found
Score Distribution
Percent of People with Each Score
Percentile by Number Answered
Your Score History
You have not taken this quiz since the last reset